Ante la ley : (Record no. 107890)

MARC details
000 -CABECERA
campo de control de longitud fija 00703nam a2200205 a 4500
005 - FECHA Y HORA DE LA ÚLTIMA TRANSACCIÓN
campo de control 20230517063532.0
008 - ELEMENTOS DE LONGITUD FIJA--INFORMACIÓN GENERAL
campo de control de longitud fija 041014s2001 mx r 000 0 spa d
020 ## - NÚMERO INTERNACIONAL NORMALIZADO PARA LIBROS
Número Internacional Estándar del Libro 9701876091
035 ## - NÚMERO DE CONTROL DEL SISTEMA
Número de control de sistema UPN01000135739
049 ## - COLECCIÓN
Colección CG
050 #4 - SIGNATURA TOPOGRÁFICA DE LA BIBLIOTECA DEL CONGRESO
Número de clasificación KGF3541
Número de documento/Ítem A5.7
245 00 - MENCIÓN DE TÍTULO
Título Ante la ley :
Resto del título leyes, reglamentos y decretos educativos vigentes /
Mención de responsabilidad, etc. comp. Víctor Manuel Bautista Hernández.
260 ## - PUBLICACIÓN, DISTRIBUCIÓN, ETC.
Lugar de publicación, distribución, etc. Oaxaca :
Nombre del editor, distribuidor, etc. IEEPO,
Fecha de publicación, distribución, etc. 2001.
300 ## - DESCRIPCIÓN FÍSICA
Extensión 300 p.
440 #0 - MENCIÓN DE SERIE/ASIENTO SECUNDARIO--TÍTULO
Título Voces del fondo.
Nombre de parte o sección de la obra Signos de agua
650 #4 - ASIENTO SECUNDARIO DE MATERIA - TERMINO TEMATICO
Término de materia o nombre geográfico como elemento de entrada Educación
Subdivisión general Leyes y legislación
Subdivisión geográfica México
9 (RLIN) 9102
650 #4 - ASIENTO SECUNDARIO DE MATERIA - TERMINO TEMATICO
Término de materia o nombre geográfico como elemento de entrada EDUCACION -
Subdivisión general LEYES Y LEGISLACION -
Subdivisión geográfica OAXACA
9 (RLIN) 15861
700 1# - ASIENTO SECUNDARIO--NOMBRE DE PERSONAL
Nombre de persona Bautista Hernández, Víctor Manuel,
Término indicativo de función/relación comp.
9 (RLIN) 40241
905 ## - TIPO DE MATERIAL
Tipo de material Libro
Holdings
Estado de retiro Estado de pérdida Fuente del sistema de clasificación o colocación Estado dañado No para préstamo Código de colección Localización permanente Ubicación/localización actual Ubicación en estantería Total de préstamos Clasificación Código de barras Fecha visto por última vez Número de copia Tipo de ítem Koha
    Library of Congress Classification     Colección General Bib. Gregorio Torres Quintero Bib. Gregorio Torres Quintero Planta baja 10 KGF3541 A5.7 201956 31/12/2020 1 Libro